000 01427nam a2200433 i 4500
001 45997
003 KOSZ 005
005 20220516121930.0
008 040107s2004 pl a f f |001 0 pol
015 _aPB 2004/1782
020 _a8301143940
040 _aWA N
_cWA N
_dKOSZ 005/HR
041 1 _apol
_heng
046 _k1993
080 _a005
080 _a(075.8)
100 1 _aGriffin, Ricky W.
_d(1950- )
_eAutor
245 1 0 _aPodstawy zarządzania organizacjami /
_cRicky W. Griffin ; przekł. Michał Rusiński.
246 1 _iTyt. oryg.:
_aManagement,
_f1993.
250 _aWyd. 2 zm., dodr.
260 _aWarszawa :
_bWydaw. Naukowe PWN,
_c2004.
300 _a826, [2] s. :
_brys., wykr. ;
_c25 cm.
336 _2rdacontent
_aTekst
_btxt
337 _2rdamedia
_aBez urządzenia pośredniczącego
_bn
338 _2Książki
338 _2Publikacje dydaktyczne
385 _mPoziom nauczania
_aSzkoły wyższe
388 _a1901-2000
388 _a1989-2000
504 _aIndeksy.
658 _aZarządzanie i marketing
655 4 _aPodręczniki akademickie
650 4 _aZarządzanie
710 2 _aWydawnictwo Naukowe PWN
_4pbl.
700 1 _aRusiński, Michał
_eTłumaczenie
856 _uhttp://koha.tu.koszalin.pl/cgi-bin/koha/opac-detail.pl?biblionumber=45997
_yKatalog online BPK
856 _uhttp://libra.ibuk.pl/book/184844
_yIBUK
942 _2UKD
_cKS
999 _c45997
_d45997